000 00463nam a2200181Ia 4500
008 230711s9999||||xx |||||||||||||| ||und||
020 _a978-81-265-4160-7
041 _aENG
082 _a620.11
_bBA-C
100 _aCallister,William D
245 0 _aCallister's materials science and engineering
250 _a2nd Ed.
260 _c2016
_aNew Delhi
_bWiley India Pvt.Ltd
300 _a717p.
650 _aPhysics
700 _aRethwisch,David G
942 _cBK
999 _c5764
_d5764